000
00355nam a2200169Ia 4500
100
_a
Kirpal Singh
650
_a
AUTOMOBILE
942
_c
BK
366
_f
10
654
_a
automobile
245
_a
Automobile Engineering vol.2
260
_b
Standard Publications
_c
2018
082
_a
629.2
_b
KIR
300
_a
728
546
_a
ENGLISH
999
_c
33754
_d
33754